00510cam a2200181ua 45000010005000000080039000050200015000440400009000590410008000680820014000762450076000902600026001663000010001926530015002026530041002176530042002587000028003009467150922n ii |||gr||||Z||||||eng a8120707885 cMAIN aeng a338.951461 aEconomic problems and planning in North East Indiaced. by A.K. Agarwal aNew Delhi:bSterling. a588p. aProduction aEconomic problem in North east India aEconomic planning in North East India aAgarwal, A.K.,eEditor.